000 00913nam a22002897a 4500
003 OSt
005 20260422072217.0
008 260422b |||||||| |||| 00| 0 eng d
010 _a77083580
020 _a084230228-X
_qPaper
040 _beng
_cTyndale House Publishers,
050 _aBS 571
_b.N41 1978
100 _aNee, Watchman,
_d1903-1972.
245 _aChanged into His likeness /
_cWatchman Nee.
250 _aThirteenth edition
260 _aWheaton, Ill. :
_bTyndale House Publishers,
_c1978.
300 _a176 p. ;
_c18 cm.
500 _aTranslation of: Zuo-ren de yan-guang.
600 _aAbraham (Biblical patriarch)
600 _aIsaac (Biblical patriarch)
600 _aJacob (Biblical patriarch
650 _aChristian life.
650 _aspiritual life--Christianity.
650 _aBible.
_vmeditations.
655 _2lcgft
_aDevotional literature.
942 _2lcc
_cBK
_e13th ed.
_n0
999 _c10091
_d10091